| 000 | 00340nam a2200145Ia 4500 | ||
|---|---|---|---|
| 008 | 230312s9999||||xx |||||||||||||| ||und|| | ||
| 020 | _a81-312-2990-3 | ||
| 082 |
_a612 _bDHI-N |
||
| 100 | _aDhikav;Vikas | ||
| 245 | 0 | _aNewer Drugs 2011 | |
| 260 |
_bElsevier _aIndia _c2012 |
||
| 300 | _a197 | ||
| 650 |
_aMedical _vPharmacology |
||
| 942 | _cBK | ||
| 999 |
_c9955 _d9955 |
||